| 000 | 00900nam a2200241Ia 4500 | ||
|---|---|---|---|
| 003 | GCL | ||
| 005 | 20240530095643.0 | ||
| 008 | 140319s9999 xx 000 0 ara d | ||
| 020 | _a2282227977 | ||
| 040 |
_aGCL / _cGCL |
||
| 082 | 0 | 4 |
_a962.1 _bق/ا م |
| 100 | 1 | _aايمن السيد عبدالوهاب | |
| 245 | 1 | 0 |
_aمحافظة القليوبية / _cايمن السيد عبدالوهاب |
| 260 |
_aالقاهرة : _bمركز الدراسات السياسية والاستراتيجية - الأهرام ، _c2005 |
||
| 300 |
_a148 ص ؛ _c19 سم |
||
| 490 |
_aسلسلة المحافظات المصرية _v0 |
||
| 650 | 0 | 4 | _aمصر - محافظات |
| 650 | 0 | 4 | _aالقليوبية - تاريخ |
| 650 | 0 | 4 | _aالقليوبية - التنمية البشرية |
| 650 | 0 | 4 | _aالقليوبية، محافظة |
| 650 | 0 | 4 | _aمصر - التنمية البشرية |
| 942 |
_2ddc _cBK |
||
| 999 |
_c9234 _d9234 |
||